Gestión deportiva

Salvato in:
Dettagli Bibliografici
Autori principali: Parks, Janet B. (autora), Zanger, Beverly R. K (Autore)
Natura: Libro
Lingua:spagnolo
Pubblicazione: Barcelona Martínez Roca 1993
Serie:Deportes Técnicas
Soggetti:
Tags: Aggiungi Tag
Nessun Tag, puoi essere il primo ad aggiungerne!!

MARC

LEADER 00000nam a2200000 a 4500
001 UCR0344
003 CL-VaPUC
008 971205e19930000SP |||||||||||||||||spa|d
082 0 4 |a 796  |b PAR  |2 21 
100 |a Parks, Janet B.  |e autora  |9 395880 
700 0 |a Zanger, Beverly R. K  |e author  |9 395881 
245 1 0 |a Gestión deportiva 
300 |a 269 p 
942 |c BK 
945 |d 19971205 00:00:00  |a jquezada 
260 |a Barcelona  |b Martínez Roca  |c 1993 
650 0 |a Administración deportiva  |9 395882 
650 0 |a Enseñanza y aprendizaje   |9 392086 
650 7 |a ENTRENAMIENTO FISICO  |2 CL-VaPUC  |9 307393 
650 7 |a FILOSOFIA DEL DEPORTE  |2 CL-VaPUC  |9 311725 
650 0 |a Sociología del deporte  |9 310781 
583 |a last modification  |c 20121001 10:09:28  |k Rodrigo Vera 
490 0 |a Deportes Técnicas 
999 |c 263882  |d 263880 
952 |0 0  |1 0  |4 0  |6 796_000000000000000_PAR_1993  |7 0  |8 A  |9 293368  |a BIBEDU  |b BIBEDU  |d 2019-11-19  |i 3378357  |o 796 PAR 1993  |p 3378357  |r 2019-11-19  |w 2019-11-19  |y BK  |k EFI